Statistics for Big Cats by Picture~1

Click here to take the quiz!

General Stats

  • This quiz has been taken 30 times
  • The average score is 9 of 11

Answer Stats

Answer% Correct
Cheetah
100%
Jaguar
100%
Lion
100%
Tiger
100%
Snow Leopard
96%
Leopard
91%
Lynx
83%
Puma
74%
Ocelot
70%
Clouded Leopard
57%
Serval
39%

Score Distribution

Percentile by Number Answered

Percent of People with Each Score

Your Score History

You have not taken this quiz